<?xml version="1.0" encoding="UTF-8"?>
<collection xmlns="http://www.loc.gov/MARC21/slim">
 <record>
  <leader>     na                 </leader>
  <controlfield tag="001">INLIS000000000003106</controlfield>
  <controlfield tag="005">20201104011453</controlfield>
  <datafield tag="035" ind1=" " ind2=" ">
   <subfield code="a">0010-1120000038</subfield>
  </datafield>
  <controlfield tag="007">ta</controlfield>
  <controlfield tag="008">201104                g          0 ind  </controlfield>
  <datafield tag="020" ind1=" " ind2=" ">
   <subfield code="a">978-602-8361-90-3</subfield>
  </datafield>
  <datafield tag="082" ind1=" " ind2=" ">
   <subfield code="a">001.4</subfield>
  </datafield>
  <datafield tag="084" ind1=" " ind2=" ">
   <subfield code="a">001.4 ASE s</subfield>
  </datafield>
  <datafield tag="100" ind1="0" ind2=" ">
   <subfield code="a">Asep suryana Natawiria</subfield>
  </datafield>
  <datafield tag="245" ind1="1" ind2=" ">
   <subfield code="a">Statistika Bisnis /</subfield>
   <subfield code="c">Asep suryana Natawiria</subfield>
  </datafield>
  <datafield tag="260" ind1=" " ind2=" ">
   <subfield code="a">Bandung :</subfield>
   <subfield code="b">Alfabeta,</subfield>
   <subfield code="c">2013</subfield>
  </datafield>
  <datafield tag="300" ind1=" " ind2=" ">
   <subfield code="a">vi, 174. p :</subfield>
   <subfield code="b">Ilus. ;</subfield>
   <subfield code="c">24 cm</subfield>
  </datafield>
  <datafield tag="500" ind1=" " ind2=" ">
   <subfield code="a">DAFTAR ISI&#13;
&#13;
 &#13;
&#13;
KATA PENGANTAR    –  iii&#13;
&#13;
DAFTAR ISI    –   iv&#13;
&#13;
 &#13;
&#13;
BAB  1       PENDAHULUAN&#13;
&#13;
A. TUJUAN – 1&#13;
&#13;
B. POKOK BAHASAN – 1&#13;
&#13;
C. INTISARI BACAAN– 2&#13;
&#13;
a. Pengertian Dasar  Statistika dan Statistik –2&#13;
&#13;
b. Landasan Kerja Statistik  – 4&#13;
&#13;
c. Karakteristik Pokok Statistik   – 5&#13;
&#13;
d. Manfaat dan Kegunaan Statistika  – 6&#13;
&#13;
e. Variabel   – 7&#13;
&#13;
f. Skala  – 8&#13;
&#13;
g. Masalah Yang Dihadapi   – 10&#13;
&#13;
h. Pengambilan Keputusan   – 12&#13;
&#13;
D. RANGKUMAN – 14&#13;
&#13;
E. SOAL LATIHAN  – 16&#13;
&#13;
 &#13;
&#13;
BAB  2       ANALISIS FREKUENSI&#13;
&#13;
A. TUJUAN – 19&#13;
&#13;
B. POKOK BAHASAN – 19&#13;
&#13;
C. INTISARI BACAAN– 20&#13;
&#13;
a. Tabel Frekuensi – 20&#13;
&#13;
b. Tabel Frekuensi Relatif – 21&#13;
&#13;
c. Presentasi Grafik Data Kualitatif – 21&#13;
&#13;
c.1. Distribusi Frekuensi – 24&#13;
&#13;
D. RANGKUMAN – 27&#13;
&#13;
E. SOAL LATIHAN  – 27&#13;
&#13;
 &#13;
&#13;
BAB  3       ANALISIS DESKRIPTIF (PENGUKURAN GEJALA PUSAT)&#13;
&#13;
A. TUJUAN – 29&#13;
&#13;
B. POKOK BAHASAN – 29&#13;
&#13;
C. INTISARI BACAAN– 30&#13;
&#13;
a. Rata-rata (mean) – 30&#13;
&#13;
b. Mode – 35&#13;
&#13;
c. Median – 38&#13;
&#13;
D. RANGKUMAN – 43&#13;
&#13;
E. SOAL LATIHAN  – 43&#13;
&#13;
 &#13;
&#13;
BAB  4       ANALISIS DESKRIPTIF (PENGUKURAN PENYIMPANGAN)&#13;
&#13;
A. TUJUAN – 45&#13;
&#13;
B. POKOK BAHASAN – 45&#13;
&#13;
C. INTISARI BACAAN– 46&#13;
&#13;
a. Range – 47&#13;
&#13;
b. Standard Deviation – 48&#13;
&#13;
c. Variance – 51&#13;
&#13;
D. RANGKUMAN – 51&#13;
&#13;
E. SOAL LATIHAN  – 52&#13;
&#13;
 &#13;
&#13;
BAB  5       KORELASI SPEARMAN RANK&#13;
&#13;
TUJUAN – 53&#13;
&#13;
POKOK BAHASAN – 53&#13;
&#13;
INTISARI BACAAN– 54&#13;
&#13;
RANGKUMAN – 58&#13;
&#13;
SOAL LATIHAN  – 58&#13;
&#13;
 &#13;
&#13;
BAB  6       KORELASI PEARSON PRODUCT MOMENT (KPPM)&#13;
&#13;
A. TUJUAN – 59&#13;
&#13;
B. POKOK BAHASAN – 59&#13;
&#13;
C. INTISARI BACAAN– 60&#13;
&#13;
D. RANGKUMAN – 64&#13;
&#13;
E. SOAL LATIHAN  – 64&#13;
&#13;
 &#13;
&#13;
BAB 7        KORELASI GANDA&#13;
&#13;
A. TUJUAN – 65&#13;
&#13;
B. POKOK BAHASAN – 65&#13;
&#13;
C. INTISARI BACAAN– 66&#13;
&#13;
D. RANGKUMAN – 73&#13;
&#13;
E. SOAL LATIHAN  – 73&#13;
&#13;
 &#13;
&#13;
BAB  8       REGRESI SEDERHANA&#13;
&#13;
A. TUJUAN – 75&#13;
&#13;
B. POKOK BAHASAN – 75&#13;
&#13;
C. INTISARI BACAAN– 76&#13;
&#13;
D. RANGKUMAN – 85&#13;
&#13;
E. SOAL LATIHAN  – 86&#13;
&#13;
 &#13;
&#13;
BAB  9       REGRESI GANDA&#13;
&#13;
A. TUJUAN – 87&#13;
&#13;
B. POKOK BAHASAN – 87&#13;
&#13;
C. INTISARI BACAAN– 88&#13;
&#13;
D. RANGKUMAN – 93&#13;
&#13;
E. SOAL LATIHAN  – 94&#13;
&#13;
 &#13;
&#13;
BAB  10      CHI-KUADRAT&#13;
&#13;
A. TUJUAN – 95&#13;
&#13;
B. POKOK BAHASAN – 95&#13;
&#13;
C. INTISARI BACAAN– 96&#13;
&#13;
D. RANGKUMAN – 99&#13;
&#13;
E. SOAL LATIHAN  – 100&#13;
&#13;
 &#13;
&#13;
BAB  11        PERBANDINGAN SATU VARIABEL BEBAS (UJI t)&#13;
&#13;
A. TUJUAN – 101&#13;
&#13;
B. POKOK BAHASAN – 101&#13;
&#13;
C. INTISARI BACAAN– 102&#13;
&#13;
D. RANGKUMAN – 109&#13;
&#13;
E. SOAL LATIHAN  – 109&#13;
&#13;
 &#13;
&#13;
BAB  12        PERBANDINGAN DUA VARIABEL BEBAS  (UJI t)&#13;
&#13;
A. TUJUAN – 111&#13;
&#13;
B. POKOK BAHASAN – 111&#13;
&#13;
C. INTISARI BACAAN– 112&#13;
&#13;
D. RANGKUMAN – 115&#13;
&#13;
E. SOAL LATIHAN  – 115&#13;
&#13;
 &#13;
&#13;
BAB  13      ANOVA SATU JALUR (One Way – Anova)&#13;
&#13;
A. TUJUAN – 117&#13;
&#13;
B. POKOK BAHASAN – 117&#13;
&#13;
C. INTISARI BACAAN– 118&#13;
&#13;
D. RANGKUMAN – 124&#13;
&#13;
E. SOAL LATIHAN  – 124&#13;
&#13;
 &#13;
&#13;
BAB  14    PATH ANALYSIS&#13;
&#13;
A. PENGERTIAN PATH ANALYSIS – 125&#13;
&#13;
B. MANFAAT PATH ANALYSIS – 126&#13;
&#13;
C. ASUMSI-ASUMSI PATH ANALYSIS – 126&#13;
&#13;
D. MODEL PATH ANALYSIS – 127&#13;
&#13;
E. MODEL PERSAMAAN STRUKTURAL – 127&#13;
&#13;
F. KESIMPULAN BEBERAPA MODEL ANALISIS –130&#13;
&#13;
G. RANGKUMAN – 154&#13;
&#13;
H. SOAL LATIHAN  – 154&#13;
&#13;
 &#13;
&#13;
DAFTAR PUSTAKA – 156&#13;
&#13;
DAFTAR TABEL – 157&#13;
&#13;
RIWAYAT HIDUP PENULIS  – 169</subfield>
  </datafield>
  <datafield tag="650" ind1=" " ind2=" ">
   <subfield code="a">Statistika Bisnis</subfield>
  </datafield>
  <datafield tag="650" ind1=" " ind2=" ">
   <subfield code="a">Penelitian</subfield>
  </datafield>
  <datafield tag="700" ind1="0" ind2=" ">
   <subfield code="a">Riduwan</subfield>
  </datafield>
  <datafield tag="990" ind1=" " ind2=" ">
   <subfield code="a">00000006964</subfield>
  </datafield>
  <datafield tag="990" ind1=" " ind2=" ">
   <subfield code="a">00000006963</subfield>
  </datafield>
  <datafield tag="990" ind1=" " ind2=" ">
   <subfield code="a">00000006963</subfield>
  </datafield>
  <datafield tag="990" ind1=" " ind2=" ">
   <subfield code="a">00000006964</subfield>
  </datafield>
 </record>
</collection>
